| 000 | 02358cam a22003974i 4500 | ||
|---|---|---|---|
| 003 | PE-LiUPU | ||
| 005 | 20250731183424.0 | ||
| 008 | 150706s r 000 0 d | ||
| 020 | _a9589603653 | ||
| 035 | _a(Sirsi) i9789589603659 | ||
| 040 |
_aPE-LiUPU _bspa _cPE-LiUPU _erda |
||
| 049 | _aPRUA | ||
| 082 | 0 | 4 |
_a711.8 _bP45 _221 |
| 100 | 1 |
_aPérgolis, Juan Carlos, _d1943- , _eautor. |
|
| 245 | 1 | 3 |
_aLa plaza el centro de la ciudad / _cJuan Carlos Pérgolis. |
| 264 | 1 |
_aBogotá : _bStoa Libris Ediciones, _c2002. |
|
| 300 |
_a223 páginas : _bilustraciones, planos ; _c24 centímetros |
||
| 336 |
_atext _2rdacontent |
||
| 337 |
_aunmediated _2rdamedia |
||
| 338 |
_avolume _2rdacarrier |
||
| 504 | _aIncluye bibliografía. | ||
| 505 | 0 | _aLa plaza en occidente -- El Ágora Griega: El diseño Urbano de la plaza -- Los foros romanos; ciudad y Arquitectura -- El Medioevo: Plaza de Mercado, Plaza de Iglesias, Plazas Cívicas -- Las plazas en las intervenciones Renacentistas -- Los grandes espacios barrocos -- Las transformaciones del centro de plaza en la urbanística Moderna -- Después del movimiento moderno: Revaloración del concepto de plaza -- Las estructuras urbanas y plazas -- Trazados urbanos precolombinos -- Trazados urbanos de la conquista y colonización española -- Las ciudades después de la independencia: la transición hacia la ciudad moderna -- Intervenciones urbanas modernas, anteriores al pensamiento de los CIAM -- La presencia de los CIAM en la construcción de la Ciudad de los CIAM -- Plazas iberoamericanas -- Buenos Aires, Reseña Histórica y Morfología urbana -- Quito, reseña histórica y morfología urbana. | |
| 526 | _aP158 | ||
| 526 | _aP146 | ||
| 526 | _aP17 | ||
| 526 | _aP12 | ||
| 526 | _aP06 | ||
| 541 | _g015-0010922; | ||
| 650 | 0 | 4 |
_aUrbanismo _xAmérica Latina. |
| 910 |
_agl _bjv _cng _d20091014 |
||
| 942 |
_2ddc _cBOOK |
||
| 949 |
_a711.8 P45 _wDEWEY _c1 _i60574 _lCCODEBUL1 _mBUL _p19.00 _r0 _sY _tBOOK _u2015-7-6 _xINGENIERIA _PP06 _0COMPRA _o.STAFF. Colección General |
||
| 994 |
_aC0 _bPEPRU |
||
| 596 | _a1 | ||
| 999 |
_a711.8 P45 _wDEWEY _c49997 _i60574 _e2017-3-29 _f2021-11-9 _g7 _lCCODEBUL1 _mBUL _n1 _p19.00 _r0 _sY _tBOOK _u2015-7-6 _xINGENIERIA _PP06 _0COMPRA _o.STAFF. Colección General _d49997 |
||
| 980 |
_81 _gALBERTO SANCHEZ Responsable de Automatización |
||